alfabet na czas - Statystyki

Ogólne statystyki
  • Ten quiz został rozwiązany 2 749 razy
  • Średni wynik to 22 z 32
Statystyki odpowiedzi
Odpowiedź % Poprawnych
a
97%
ą
97%
b
90%
d
88%
c
87%
ć
87%
e
86%
ę
86%
f
83%
g
82%
h
82%
i
79%
j
79%
k
76%
l
72%
ł
72%
o
69%
ó
69%
p
67%
m
64%
n
64%
ń
64%
s
62%
ś
62%
r
61%
t
57%
u
55%
w
54%
y
39%
z
38%
ż
38%
ź
38%
Nie znaleziono quizów pasujących do podanych kryteriów
Rozkład punktacji
Procent ludzi z każdym wynikiem
Percentyl według liczby udzielonych odpowiedzi
Twoja historia wyników
Nie rozwiązałeś tego quizu